Mouvements et muscles du membre superieur - Statistiques

Statistiques générales
  • Ce quiz a été pris 72 fois
  • Le résultat moyen est 12 sur 43
Statistiques - réponses
Réponse % Correct
Biceps Brachial
61%
Brachial
55%
Coraco-Brachial
52%
Deltoide
48%
Triceps Brachial
48%
Long flechisseur du pouce
45%
long abducteur du pouce
42%
carré pronateur
39%
court flechisseur du pouce
39%
infra-épineux
39%
supra-épineux
39%
Court abducteur du pouce
35%
Grand rond
35%
opposant du pouce
35%
Petit rond
35%
Rond pronateur
35%
Supinateur
35%
Adducteur du pouce
32%
Flechisseur profond des doigts
32%
Flechisseur radial du carpe
29%
Flechisseur ulnaire du carpe
29%
Grand pectoral
29%
anconé
26%
Brachio-Radial
26%
Dentele Anterieur
26%
Flechisseur superficiel des doigts
26%
Petit Pectoral
26%
Trapeze
26%
Long palmaire
23%
Subscapulaire
23%
extenseur de l'index
19%
Extenseur ulnaire du carpe
19%
Elevateur de la scapula
16%
extenseur des doigts
16%
Long extenseur radial du carpe
13%
opposant du 5e doigt
13%
Court extenseur radial du carpe
10%
Abducteur du 5e doigt
6%
Court flechisseur du 5e doigt
6%
extenseur du 5e doigt
6%
Interosseux de la main
6%
Lombricaux de la main
6%
long et court extenseur du pouce
3%
Aucun quiz correspondant
Distribution des résultats
% des personnes avec chaque résultat
Percentile par nombre de réponses
Votre historique - résultats
Vous n’avez pas pris ce quiz